000 00298nam a2200121Ia 4500
008 190216s9999||||xx |||||||||||||| ||und||
100 _aSardar Panikkar.K.M
245 0 _aDhoomaketuvinte Udayam
260 _bPoorna Pubs Kozhikode
_c1929
300 _a210
650 _aMalayalam Novel
942 _cBK
999 _c27037
_d27037